[Event "New York President's Day IM-C"]
[Site "New York"]
[Date "2024.02.18"]
[Round "7"]
[White "Liu, Kelsey"]
[Black "Andrianov, Nikolai Ivanovich"]
[Result "1/2-1/2"]
[WhiteElo "1904"]
[BlackElo "2266"]
[PlyCount "119"]
[EventDate "2024.02.15"]
[EventType "schev"]
[EventRounds "9"]
[EventCountry "USA"]
[SourceTitle "CB08_2024"]
[SourceDate "2024.02.21"]
[SourceVersion "1"]
[SourceVersionDate "2024.02.21"]
[SourceQuality "1"]

1. e4 c5 2. Nf3 g6 3. d4 cxd4 4. Qxd4 Nf6 5. Nc3 Nc6 6. Qa4 d6 7. e5 dxe5 8. Nxe5 Bd7 9. Nxd7 Qxd7 10. Bb5 Bg7 11. 0-0 0-0 12. Rd1 Qf5 13. Be3 Rfc8 14. h3 a6 15. Bd3 Qa5 16. Be2 Qc7 17. Qh4 Rd8 18. Na4 Rxd1+ 19. Rxd1 Rd8 20. Nb6 Rxd1+ 21. Bxd1 Nd7 22. Nxd7 Qxd7 23. Bg4 f5 24. Bf3 Nd4 25. Bxd4 Bxd4 26. Bxb7 Bf6 27. Qc4+ Kg7 28. Bxa6 Qd1+ 29. Kh2 Bxb2 30. g3 Qd4 31. Qe2 e5 32. Qf3 e4 33. Qe2 Ba3 34. Kg2 Bc5 35. Bc4 g5 36. Bb3 Bb6 37. a4 h6 38. Qe1 f4 39. c3 Qd3 40. Qd1 Qxd1 41. Bxd1 Kf6 42. gxf4 gxf4 43. f3 e3 44. Be2 Ke5 45. h4 Ba5 46. c4 Kd4 47. Kh3 h5 48. Kg2 Bd8 49. Kf1 Bxh4 50. c5 Kxc5 51. Bd3 Bd8 52. Bg6 h4 53. Bf5 Kb4 54. Bd7 Kc3 55. Ke2 Kb3 56. Kd3 Ba5 57. Ke2 Kc3 58. Be6 Kb4 59. Bd7 Kc4 60. Be6+ 1/2-1/2

[Event "Titled Tuesday intern op 13th Feb Early"]
[Site "Chess.com INT"]
[Date "2024.02.13"]
[Round "3"]
[White "Spitzl, Vinzent"]
[Black "Liu, Kelsey"]
[Result "1/2-1/2"]
[WhiteElo "2365"]
[BlackElo "1904"]
[PlyCount "110"]
[EventDate "2024.02.13"]
[EventType "swiss (blitz)"]
[EventRounds "11"]
[EventCountry "USA"]
[SourceTitle "CB08_2024"]
[SourceDate "2024.02.21"]
[SourceVersion "1"]
[SourceVersionDate "2024.02.21"]
[SourceQuality "1"]

1. e4 e5 2. Nf3 Nc6 3. Bb5 a6 4. Ba4 Nf6 5. 0-0 b5 6. Bb3 Be7 7. Re1 0-0 8. c3 d5 9. d4 dxe4 10. Nxe5 Nxe5 11. dxe5 Qxd1 12. Bxd1 Ng4 13. Rxe4 Rd8 14. Bxg4 Bxg4 15. Nd2 Bf5 16. Re1 Rd5 17. Nf3 Rad8 18. Nd4 Bd7 19. Bf4 c5 20. Nf3 Bg4 21. h3 Bxf3 22. gxf3 Rd3 23. Kg2 h6 24. a4 b4 25. cxb4 cxb4 26. Rac1 g5 27. Be3 R8d5 28. Rc6 a5 29. e6 f5 30. Bb6 Rd2 31. Rc7 Kf8 32. Rd7 Rxd7 33. exd7 Rxd7 34. Re2 Rd5 35. f4 g4 36. Re5 gxh3+ 37. Kxh3 Rd3+ 38. Kg2 Rd2 39. Rxf5+ Ke8 40. Rxa5 Rxb2 41. Re5 Kf7 42. a5 b3 43. a6 Ra2 44. a7 b2 45. Ra5 Rxa5 46. Bxa5 b1Q 47. a8Q Qg6+ 48. Kf1 Qb1+ 49. Ke2 Qc2+ 50. Kf3 Qd3+ 51. Kg2 Qg6+ 52. Kf1 Qb1+ 53. Ke2 Qc2+ 54. Kf3 Qd3+ 55. Kg2 Qg6+ 1/2-1/2

[Event "Titled Tuesday intern op 06th Feb Late"]
[Site "Chess.com INT"]
[Date "2024.02.06"]
[Round "8"]
[White "Liu, Kelsey"]
[Black "Reprintsev, Alexander"]
[Result "0-1"]
[WhiteElo "1904"]
[BlackElo "2241"]
[PlyCount "80"]
[EventDate "2024.02.06"]
[EventType "swiss (blitz)"]
[EventRounds "11"]
[EventCountry "USA"]
[SourceTitle "CB07_2024"]
[SourceDate "2024.02.14"]
[SourceVersion "1"]
[SourceVersionDate "2024.02.14"]
[SourceQuality "1"]

1. e4 d5 2. exd5 Qxd5 3. Nc3 Qa5 4. d4 Nf6 5. Nf3 Nc6 6. Bd2 a6 7. h3 Bf5 8. Bc4 Nb4 9. Rc1 b5 10. Bb3 Qb6 11. a3 Nc6 12. 0-0 Na5 13. Ba2 e6 14. d5 0-0-0 15. b4 Nc4 16. Bxc4 bxc4 17. Qe2 exd5 18. Be3 d4 19. Nxd4 Rxd4 20. Rcd1 c5 21. bxc5 Bxc5 22. Na4 Qc6 23. Nxc5 Rxd1 24. Rxd1 Re8 25. Qxc4 Be6 26. Qxa6+ Qxa6 27. Nxa6 Bc4 28. Nb4 Ne4 29. Rd4 Bb5 30. c4 Ba4 31. c5 Nc3 32. Rc4 Nd1 33. Bf4 f6 34. Kh2 g5 35. Bg3 h5 36. Nd5 h4 37. Bd6 Bb5 38. Nxf6 Re1 39. Rb4 Nxf2 40. Bg3 Rh1# 0-1

[Event "Titled Tuesday intern op 06th Feb Late"]
[Site "Chess.com INT"]
[Date "2024.02.06"]
[Round "5"]
[White "Liu, Kelsey"]
[Black "Yarullina, Alina"]
[Result "1-0"]
[WhiteElo "1904"]
[BlackElo "2084"]
[PlyCount "83"]
[EventDate "2024.02.06"]
[EventType "swiss (blitz)"]
[EventRounds "11"]
[EventCountry "USA"]
[SourceTitle "CB07_2024"]
[SourceDate "2024.02.14"]
[SourceVersion "1"]
[SourceVersionDate "2024.02.14"]
[SourceQuality "1"]

1. e4 e5 2. Nf3 Nf6 3. Nxe5 d6 4. Nf3 Nxe4 5. Nc3 Nxc3 6. dxc3 Be7 7. Bd3 0-0 8. Bf4 Nd7 9. Qd2 Nf6 10. 0-0-0 c5 11. c4 a6 12. Rhe1 Nh5 13. Be3 Rb8 14. h3 b5 15. g4 Nf6 16. g5 Nd7 17. Qe2 Re8 18. cxb5 axb5 19. Bxb5 Bb7 20. Bc4 d5 21. Bxd5 Bxd5 22. Rxd5 Qb6 23. c3 Nf8 24. Rf1 Qa5 25. Qc4 Qa8 26. Ne5 Ne6 27. h4 Rbd8 28. Rfd1 Rxd5 29. Rxd5 Qb7 30. Rd1 Qa8 31. Qd5 Qa7 32. Qd7 Qxd7 33. Rxd7 f6 34. Nc6 Bf8 35. gxf6 gxf6 36. a4 h5 37. a5 Bg7 38. a6 Nf8 39. Rb7 Ra8 40. a7 Ne6 41. Rb8+ Rxb8 42. axb8Q+ 1-0

[Event "Wch U18 Girls"]
[Site "Montesilvano"]
[Date "2023.11.20"]
[Round "7"]
[White "Liu, Kelsey"]
[Black "Sovetbekova, Nurai"]
[Result "1-0"]
[WhiteElo "2051"]
[BlackElo "1801"]
[PlyCount "121"]
[EventDate "2023.11.13"]
[EventType "swiss"]
[EventRounds "11"]
[EventCountry "ITA"]
[SourceTitle "CB48_2023"]
[SourceDate "2023.11.29"]
[SourceVersion "1"]
[SourceVersionDate "2023.11.29"]
[SourceQuality "1"]

1. e4 c5 2. Nf3 d6 3. c3 Nf6 4. Bd3 Nc6 5. Bc2 Bg4 6. d4 cxd4 7. cxd4 e5 8. d5 Nd4 9. Bd3 Be7 10. Be3 Nxf3+ 11. gxf3 Bh5 12. Nd2 0-0 13. Rc1 Nd7 14. Rg1 Qa5 15. Ke2 Nc5 16. Nc4 Qc7 17. Bb1 Qd7 18. Bxc5 dxc5 19. Nxe5 Qb5+ 20. Nc4 Rad8 21. Qd3 Rfe8 22. Kf1 Qd7 23. f4 f5 24. d6 Bxd6 25. e5 Bf8 26. Qh3 Bg6 27. Ne3 Qb5+ 28. Kg2 Rd2 29. Bxf5 Bxf5 30. Qxf5 Qe2 31. Ng4 Rd3 32. Nf6+ Kf7 33. Nxh7+ Ke7 34. Ng5 Rd2 35. Rgf1 Kd8 36. Nf7+ Kc7 37. b4 b6 38. bxc5 Bxc5 39. Nd6 Rd8 40. Qe4 Qxe4+ 41. Nxe4 R2d5 42. Rc3 Kc6 43. Rfc1 a5 44. Rg3 Rd4 45. Rg6+ Kb5 46. Nxc5 bxc5 47. Kg3 Rf8 48. Rg4 c4 49. e6 Rd3+ 50. f3 Re3 51. Rg5+ Kb4 52. f5 c3 53. Kf2 Re5 54. Rg4+ Kb5 55. Rxc3 Rfxf5 56. a4+ Kb6 57. Re3 Kc6 58. Rxe5 Rxe5 59. Re4 Rxe4 60. fxe4 Kd6 61. Ke3 1-0

[Event "USA-ch U20 Girls"]
[Site "Saint Louis"]
[Date "2023.07.21"]
[Round "6"]
[White "Lee, Alice"]
[Black "Liu, Kelsey"]
[Result "1-0"]
[WhiteElo "2393"]
[BlackElo "1997"]
[PlyCount "67"]
[EventDate "2023.07.15"]
[EventType "tourn"]
[EventRounds "9"]
[EventCountry "USA"]
[SourceTitle "CBM 215 Extra"]
[Source "ChessBase"]
[SourceDate "2023.09.30"]
[SourceVersion "1"]
[SourceVersionDate "2023.09.30"]
[SourceQuality "1"]

1. d4 Nf6 2. c4 e6 3. Nf3 b6 4. e3 Bb7 5. Bd3 Bb4+ 6. Nbd2 0-0 7. a3 Bxd2+ 8. Bxd2 Ne4 9. 0-0 f5 10. Qe2 d6 11. Rfd1 Nd7 12. Rac1 a5 13. Be1 Qe8 14. Nd2 Qg6 15. f3 Nxd2 16. Rxd2 e5 17. Bc2 Rae8 18. Ba4 Bc8 19. c5 exd4 20. cxb6 Rxe3 21. Qc4+ Kh8 22. Bxd7 Bxd7 23. bxc7 Bc8 24. Qxd4 Rfe8 25. Bf2 R3e6 26. Qd5 a4 27. Qc6 Qg5 28. Rcd1 d5 29. Qxd5 Rg6 30. g3 Qh5 31. Qb5 Rge6 32. Rd8 Kg8 33. Rxe8+ Rxe8 34. Rd8 1-0

[Event "Titled Tuesday intern op 11th Jul Early"]
[Site "Chess.com INT"]
[Date "2023.07.11"]
[Round "3"]
[White "Kubicka, Anna"]
[Black "Liu, Kelsey"]
[Result "0-1"]
[WhiteElo "2240"]
[BlackElo "1997"]
[PlyCount "86"]
[EventDate "2023.07.11"]
[EventType "swiss (blitz)"]
[EventRounds "11"]
[EventCountry "USA"]
[SourceTitle "EXT 2024"]
[Source "ChessBase"]
[SourceDate "2023.10.10"]
[SourceVersion "1"]
[SourceVersionDate "2023.10.10"]
[SourceQuality "1"]

1. e4 c5 2. Ne2 Nc6 3. g3 g6 4. Bg2 Bg7 5. 0-0 e5 6. Nbc3 Nge7 7. Nd5 0-0 8. d3 d6 9. Bg5 Be6 10. Qd2 Qd7 11. f4 f6 12. Nxe7+ Qxe7 13. Bh4 Bg4 14. Bf3 Bxf3 15. Rxf3 Bh6 16. g4 exf4 17. Qc3 Ne5 18. Rh3 Nxg4 19. Rf1 Qe5 20. Qb3+ Kg7 21. Qxb7+ Kh8 22. Be1 Ne3 23. Rf2 Rab8 24. Qxa7 Rxb2 25. Kh1 Rb1 26. Rf1 Nxf1 27. Rxh6 Ng3+ 28. Nxg3 Rxe1+ 29. Kg2 f3+ 30. Kf2 Qd4+ 31. Kxe1 Qe3+ 32. Kf1 Qxh6 33. Qe7 Qh3+ 34. Kf2 Qg2+ 35. Ke3 Kg8 36. Qe6+ Kg7 37. Qg4 Qg1+ 38. Kxf3 Qd1+ 39. Ne2 f5 40. Qg5 fxe4+ 41. Ke3 Rf3+ 42. Kxe4 Qxe2+ 43. Kd5 Rf5+ 0-1

[Event "Titled Tuesday intern op 13th Jun Early"]
[Site "Chess.com INT"]
[Date "2023.06.13"]
[Round "8"]
[White "Floresvillar Gonzalez, Luis Miguel"]
[Black "Liu, Kelsey"]
[Result "0-1"]
[WhiteElo "2043"]
[BlackElo "2027"]
[PlyCount "76"]
[EventDate "2023.06.13"]
[EventType "swiss (blitz)"]
[EventRounds "11"]
[EventCountry "USA"]
[SourceTitle "EXT 2024"]
[Source "ChessBase"]
[SourceDate "2023.10.10"]
[SourceVersion "1"]
[SourceVersionDate "2023.10.10"]
[SourceQuality "1"]

1. e4 c5 2. d4 cxd4 3. c3 Nf6 4. e5 Nd5 5. Nf3 Nc6 6. cxd4 d6 7. Nc3 Nxc3 8. bxc3 Bg4 9. exd6 exd6 10. Be2 Be7 11. 0-0 0-0 12. Re1 d5 13. Bf4 Bd6 14. Bxd6 Qxd6 15. h3 Bh5 16. Ne5 Bxe2 17. Rxe2 Rac8 18. Rb1 b6 19. Qd3 Rc7 20. a4 Rfc8 21. Re3 Na5 22. Rc1 f6 23. Nf3 Nc4 24. Ree1 Nb2 25. Qf5 Rxc3 26. Rxc3 Rxc3 27. Qb1 Nxa4 28. Qb5 Qc6 29. Qe2 Rc1 30. Kh2 Rxe1 31. Qxe1 b5 32. Qe7 a6 33. Nh4 g6 34. Qd8+ Kf7 35. Nf3 Nc3 36. Qh8 Qc7+ 37. g3 Ke6 38. Qg8+ Kd6 0-1

[Event "Titled Tuesday intern op 13th Jun Late"]
[Site "Chess.com INT"]
[Date "2023.06.13"]
[Round "3"]
[White "Liu, Kelsey"]
[Black "Fernandez, Maria Florencia"]
[Result "0-1"]
[WhiteElo "2027"]
[BlackElo "2085"]
[PlyCount "108"]
[EventDate "2023.06.13"]
[EventType "swiss (blitz)"]
[EventRounds "11"]
[EventCountry "USA"]
[SourceTitle "EXT 2024"]
[Source "ChessBase"]
[SourceDate "2023.10.10"]
[SourceVersion "1"]
[SourceVersionDate "2023.10.10"]
[SourceQuality "1"]

1. e4 c5 2. Nf3 d6 3. c3 Nf6 4. h3 g6 5. Bd3 Bg7 6. 0-0 0-0 7. Bc2 e5 8. d4 Nc6 9. Be3 b6 10. Nbd2 Bb7 11. a4 Re8 12. Re1 exd4 13. cxd4 Nb4 14. e5 dxe5 15. dxe5 Nfd5 16. Nc4 Nxc2 17. Qxc2 Nxe3 18. Rxe3 Bxf3 19. gxf3 Qg5+ 20. Kh2 Bxe5+ 21. Kh1 Bc7 22. Rae1 Rxe3 23. Rxe3 Qf4 24. Kg1 Rd8 25. Kf1 Qh2 26. Ke2 Qxh3 27. Qe4 Qh1 28. Nd2 Qc1 29. Rd3 Rf8 30. Rd7 Bh2 31. Qh4 Be5 32. Qe4 Bg7 33. Re7 Qxb2 34. Rxa7 Qb4 35. Rd7 Qxe4+ 36. fxe4 Ra8 37. Rb7 Rxa4 38. Rxb6 Bd4 39. Rb8+ Kg7 40. f3 Ra2 41. Rb7 Bc3 42. Rd7 Bxd2 43. Rxd2 Rxd2+ 44. Kxd2 h5 45. Kd3 h4 46. Kc4 h3 47. Kxc5 h2 48. Kd5 h1Q 49. e5 Qxf3+ 50. Kd6 Qf5 51. e6 Qxe6+ 52. Kc7 f5 53. Kb8 f4 54. Kb7 f3 0-1

[Event "Titled Tuesday intern op 13th Jun Late"]
[Site "Chess.com INT"]
[Date "2023.06.13"]
[Round "2"]
[White "Liu, Kelsey"]
[Black "Uzcategui Rodriguez, Alejandro"]
[Result "0-1"]
[WhiteElo "2027"]
[BlackElo "2290"]
[PlyCount "108"]
[EventDate "2023.06.13"]
[EventType "swiss (blitz)"]
[EventRounds "11"]
[EventCountry "USA"]
[SourceTitle "EXT 2024"]
[Source "ChessBase"]
[SourceDate "2023.10.10"]
[SourceVersion "1"]
[SourceVersionDate "2023.10.10"]
[SourceQuality "1"]

1. e4 d6 2. d4 Nf6 3. Nc3 Nbd7 4. Bf4 e5 5. dxe5 dxe5 6. Bg3 c6 7. Nf3 Qc7 8. Bc4 Be7 9. Qe2 0-0 10. 0-0-0 b5 11. Bb3 a5 12. a4 b4 13. Nb1 c5 14. Nbd2 Ba6 15. Bc4 Bb7 16. Nh4 Rfe8 17. Nf5 Bf8 18. f3 Nb6 19. Bb5 Bc6 20. b3 g6 21. Ne3 Bh6 22. Kb2 Bg7 23. h4 Nh5 24. Bh2 Nf4 25. Qf1 Ne6 26. Bxc6 Qxc6 27. Ndc4 Nd4 28. h5 Nc8 29. hxg6 hxg6 30. Ng4 Qc7 31. Bg3 Nb6 32. Rh3 f6 33. Nxb6 Qxb6 34. Qc4+ Qe6 35. Qxe6+ Rxe6 36. Bf2 Rc8 37. Ne3 Nc6 38. Nc4 Nd4 39. Nxa5 f5 40. Rhh1 Rf8 41. exf5 gxf5 42. Bxd4 cxd4 43. Ka2 e4 44. Rhe1 Rfe8 45. fxe4 fxe4 46. Nc4 e3 47. Re2 Rf8 48. a5 Rg6 49. Kb1 Rf2 50. Rde1 Rgxg2 51. Rxf2 exf2 52. Rf1 Rg1 53. Nd2 Bh6 54. Rxg1+ fxg1Q+ 0-1

[Event "Titled Tuesday intern op 30th May Late"]
[Site "Chess.com INT"]
[Date "2023.05.30"]
[Round "6"]
[White "Dubessay, Bastien"]
[Black "Liu, Kelsey"]
[Result "0-1"]
[WhiteElo "2283"]
[BlackElo "2043"]
[PlyCount "30"]
[EventDate "2023.05.30"]
[EventType "swiss (blitz)"]
[EventRounds "11"]
[EventCountry "USA"]
[SourceTitle "CBM 214 Extra"]
[Source "ChessBase"]
[SourceDate "2023.07.31"]
[SourceVersion "1"]
[SourceVersionDate "2023.07.31"]
[SourceQuality "1"]

1. d4 Nf6 2. c4 e6 3. Nc3 Bb4 4. f3 c5 5. d5 b5 6. e4 0-0 7. Nh3 bxc4 8. Bxc4 Nxd5 9. Bxd5 exd5 10. Qxd5 Ba6 11. Bg5 Qb6 12. Kf2 Nc6 13. Be3 Nd4 14. Rac1 Bxc3 15. bxc3 Qb2+ 0-1

[Event "Titled Tuesday intern op 30th May Late"]
[Site "Chess.com INT"]
[Date "2023.05.30"]
[Round "7"]
[White "Petrovic, Aleksa"]
[Black "Liu, Kelsey"]
[Result "0-1"]
[WhiteElo "2332"]
[BlackElo "2043"]
[PlyCount "112"]
[EventDate "2023.05.30"]
[EventType "swiss (blitz)"]
[EventRounds "11"]
[EventCountry "USA"]
[SourceTitle "CBM 214 Extra"]
[Source "ChessBase"]
[SourceDate "2023.07.31"]
[SourceVersion "1"]
[SourceVersionDate "2023.07.31"]
[SourceQuality "1"]

1. d4 Nf6 2. c4 e6 3. Nf3 b6 4. g3 Bb7 5. Bg2 Be7 6. 0-0 0-0 7. Re1 d5 8. cxd5 exd5 9. Nc3 Nbd7 10. Bf4 c6 11. Qc2 Re8 12. Rad1 Nf8 13. Ne5 Bd6 14. Nd3 Bxf4 15. Nxf4 Ne6 16. Nxe6 Rxe6 17. e3 a5 18. Ne2 Ne4 19. Nf4 Re7 20. Nd3 Qe8 21. Ne5 f6 22. Bxe4 dxe4 23. Nc4 Qd8 24. Qb3 a4 25. Qxb6 Qd5 26. Qb4 Qe6 27. Nb6 Rae8 28. Nxa4 Qh3 29. Qc4+ Kh8 30. Nc5 Bc8 31. Qf1 Qh5 32. a4 Bh3 33. Ra1 Bxf1 34. Rxf1 Ra7 35. a5 Rea8 36. a6 Qf3 37. Rfc1 h5 38. Rc3 h4 39. gxh4 Qg4+ 40. Kf1 Qh3+ 41. Kg1 Qg4+ 42. Kf1 Qh3+ 43. Kg1 g5 44. h5 Rh7 45. Nxe4 Rxh5 46. Ng3 Qxh2+ 47. Kf1 Rh3 48. Rxc6 Rxg3 49. Rac1 Qh1+ 50. Ke2 Qf3+ 51. Kd3 Qf5+ 52. Ke2 Rg2 53. Rf1 Qb5+ 54. Kf3 Qxc6+ 55. e4 Rh2 56. d5 Qxa6 0-1